| 000 | 01129nam a22001457a 4500 | ||
|---|---|---|---|
| 999 |
_c525333 _d525333 |
||
| 008 | 240222b ||||| |||| 00| 0 eng d | ||
| 100 |
_aAghion, P. Bergeaud, A. and Reenen, J.V. _950064 |
||
| 245 | _aThe impact of regulation on innovation | ||
| 260 | _aThe American Economic Review | ||
| 300 | _a113(11), Nov, 2023: p.2894-2936 | ||
| 520 | _aWe present a framework that can be used to assess the equilibrium impact of regulation on endogenous innovation with heterogeneous firms. We implement this model using French firm-level panel data, where there is a sharp increase in the burden of labor regulations on companies with 50 or more employees. Consistent with the model's qualitative predictions, we find a fall in the fraction of innovating firms just to the left of the regulatory threshold. Furthermore, we find a reduction in the innovation response of firms to demand shocks just below the threshold. Regulation reduces aggregate innovation by 5.7 percent.- Reproduced https://www.aeaweb.org/articles?id=10.1257/aer.20210107 | ||
| 773 | _aThe American Economic Review | ||
| 906 | _aINNOVATION | ||
| 942 | _cAR | ||